| 000 | 00882nam a22002177a 4500 | ||
|---|---|---|---|
| 999 |
_c18301 _d18301 |
||
| 003 | AR-CdUCM | ||
| 008 | 190513b ||||| |||| 00| 0 spa d | ||
| 040 |
_aMUNICIPALIDAD PROVINCIAL DEL CUSCO _cBIBLIOTECA MUNICIPAL DEL CUSCO |
||
| 082 |
_23ed _a818.5 / _bS795 |
||
| 100 |
_aSteinbeck, John _91846 |
||
| 245 |
_aCamaradas errantes (Tortilla flat) : _bnovela / |
||
| 260 |
_aBuenos Aires : _bEdit. Claridad, _c1952. |
||
| 300 |
_a215 páginas ; _bIlustraciones, _c20 cm. |
||
| 440 |
_aBiblioteca de grandes novelas _n32 _938813 |
||
| 505 | _aContenido: Como Danny se convierte en heredero y promete proteger a las desamparados -- Como la codicia indujo a Pilon a rechazar la hospitalidad de Danny... | ||
| 650 |
_aNovelas estadounidenses _9734 |
||
| 650 |
_aSiglo XX _98 |
||
| 700 |
_aRébora, Eloy Lorenzo (traducción) _938814 |
||
| 942 |
_2ddc _cLIBROS |
||
| 945 |
_adavv _d2019-05-13 |
||